MDQL
is popping MORE tags! Check the
thread
!
Quizzes
Events
Quiz Creation
Community
Videos
Private Events
Remove Ads
Sign In
Join for FREE
Feedback
Dark Mode
Quiz Categories
Sports
Geography
Music
Movies
Television
Just For Fun
Miscellaneous
History
Literature
Language
Science
Gaming
Entertainment
Religion
Holiday
For Kids
Quiz Lab
Recent
Popular Today
Quiz Kudos Today
Editor Picks
Curator Picks
Quizzes by...
Day
Popularity
Type
Ratings
Length
Year
Community
Subscriptions
Recent Discussions
Orange Saloon
Badges
Playlists
Quests
Create
Leaderboards
Showdown
Live 5
Trivia Bingo
Activity
Puzzle Library
Sporcle Events
Private Events
Virtual Trivia
Globe League
Become a Host
Pub Owners
SporcleCon
Opinionation
Our Games
Videos
Blog
Mobile Apps
Partnerships
Remove Ads and Go Orange
Feedback
Music
Pop Music
The Beatles
Song
Album
Lyrics
Bands
Singers
Artist
Clip
Rock
Rap
Classical
Billboard
Country Music
Kpop
Taylor Swift
Music
Pop Music
The Beatles
Song
Album
Lyrics
Bands
Singers
Artist
Clip
Rock
Rap
Classical
Billboard
Country Music
Kpop
Taylor Swift
Random Quiz
Search Sporcle
×
Quiz Lab
Quiz Lab
Music
Artist
Type in answers that appear in a list
Type in answers that appear in a list
Classic
Best Score? Go Orange.
One Week #1's (1940-1970) Stats
Can you name the songs that stayed at #1 for one week on Billboard's Hot 100 (1940-1970)?
By
thehotstepper
20m
93 Questions
112 Plays
112 Plays
112 Plays
Comments
Comments
Give Quiz Kudos
Give Quiz Kudos
-
- Ratings
hide this ad
Replay
Link that replays current quiz
Next Quiz
Link to next quiz in quiz playlist
You Got
0%
They Got
Avg Score
30%
Avg Friend Score
Upgrade to see
Score Distribution
Jump to the score distribution portion of the page
Score
0/93
Timer
20:00
0
Plays Today
Artist
Song Title
% Correct
Chubby Checker
The Twist
76.8%
Nancy Sinatra
These Boots Are Made For Walkin'
64.3%
Little Eva
The Loco-Motion
60.7%
The Temptations
My Girl
60.7%
The Shocking Blue
Venus
56.3%
The Monkees
Last Train To Clarksville
54.5%
? & The Mysterians
96 Tears
53.6%
Louis Armstrong
Hello Dolly!
52.7%
Barry McGuire
Eve Of Destruction
51.8%
Jeannie C. Riley
Harper Valley PTA
51.8%
The Beach Boys
Good Vibrations
50.9%
Donovan
Sunshine Superman
50%
The Byrds
Mr. Tambourine Man
49.1%
Strawberry Alarm Clock
Incense And Peppermints
48.2%
Maurce Williams & The Zodiacs
Stay
47.3%
The Shangri-
Las
Leader Of The Pack
47.3%
Frank Sinatra
Strangers In The Night
45.5%
Peter, Paul & Mary
Leaving On A Jet Plane
44.6%
The Jackson 5
I Want You Back
44.6%
Elvis Presley
Suspicious Minds
43.8%
Mr. Acker Bilk
Stranger On The Shore
42.9%
The McCoys
Hang On Sloopy
42%
The Young Rascals
Good Lovin'
40.2%
The Beatles
Come Together/Something
40.2%
Hollywood Argyles
Alley Oop
39.3%
Ray Charles
Georgia On My Mind
39.3%
The Beatles
Love Me Do
38.4%
The Beatles
Ticket To Ride
38.4%
Ernie K-
Doe
Mother-In-Law
36.6%
The Marvelettes
Please Mr. Postman
36.6%
Dean Martin
Everybody Loves Somebody
36.6%
Artist
Song Title
% Correct
Lorne Greene
Ringo
36.6%
Neil Diamond
Cracklin' Rosie
36.6%
Dave 'Baby' Cortez
The Happy Organ
35.7%
Peter And Gordon
A World Without Love
35.7%
Lou Christie
Lightnin' Strikes
35.7%
The Kingston Trio
Tom Dooley
34.8%
Ruby & The Romantics
Our Day Will Come
34.8%
The Beatles
Penny Lane
34.8%
Buddy Holly & The Cricketts
That'll Be The Day
33.9%
Herman's Hermits
I'm Henry The VIII, I Am
33.9%
The Lemon Pipers
Green Tambourine
33.9%
The Fleetwoods
Mr. Blue
33%
Paul Anka
Diana
32.1%
David Rose
The Stripper
31.3%
The Beatles
All You Need Is Love
31.3%
Gene Autry
Rudolph The Red-Nosed Reindeer
30.4%
Nino Tempo & April Stevens
Deep Purple
28.6%
Wayne Fontana & The Mindbenders
Game Of Love
28.6%
The Dave Clark Five
Over And Over
28.6%
The Rolling Stones
Ruby Tuesday
28.6%
Everly Brothers
Wake Up Little Susie
27.7%
Joe Dowell
Wooden Heart (Muss I Denn)
27.7%
Larry Verne
Mr. Custer
26.8%
Diana Ross & The Supremes
Someday We'll Be Together
25.9%
Bobby Vinton
Mr. Lonely
25%
Buddy Knox
Party Doll
24.1%
Bread
Make It With You
24.1%
Frankie Avalon
Why
22.3%
Kay Starr
Rock And Roll Waltz
21.4%
The Elegants
Little Star
21.4%
The Supremes
The Happening
19.6%
Artist
Song Title
% Correct
Al Dexter
Pistol Packin' Mama
18.8%
Brian Hyland
Itsy Bitsy Teenie Weenie Yellow Polka Dot Bikini
18.8%
Roy Orbison
Running Scared
18.8%
Johnny Rivers
Poor Side Of Town
18.8%
Pat Boone
Moody River
17.9%
The Tymes
So Much In Love
17.9%
Rosemary Clooney
This Ole House
16.1%
The Platters
Twilight Time
16.1%
Bing Crosby & Carmen Cavallaro
I Can't Begin To Tell You
15.2%
Betty Hutton
Doctor, Lawyer, Indian Chief
15.2%
Perry Como
Round And Round
15.2%
Glenn Miller
Song Of The Volga Boatmen
14.3%
Ames Brothers
Rag Mop
14.3%
Mario Lanza
Be My Love
14.3%
Spike Jonze
All I Want For Christmas (Is My Two Front Teeth)
13.4%
Jimmy Dorsey
Blue Champagne
12.5%
Glenn Miller
Elmer's Tune
12.5%
Brenda Lee
I Want To Be Wanted
12.5%
The Supremes
Back In My Arms Again
12.5%
Woody Herman
Blues In The Night (My Mame Done Tol' Me)
11.6%
Count Basie
Open The Door Richard
11.6%
Glenn Miller
That Old Black Magic
10.7%
The King Cole Trio
(I Love You) For Sentimental Reasons
10.7%
Johnny Standley
It's In The Book (Parts 1 &2)
10.7%
Johnny Mercer
Personality
9.8%
Connie Francis
Don't Break The Heart That Loves You
9.8%
Perry Como
Surrender
8.9%
Fontane Sisters
Hearts Of Stone
8.9%
Sammy Kaye
I'm A Big Girl Now
8%
Elvis Presley
I Want You, I Need You, I Love You
8%
Percy Faith
Delicado
7.1%
Quiz Playlist
Details
Report
Send in Message
Add To Playlist
Classic:
Type in answers that appear in a list
Quiz Source
Last Updated: Feb 16, 2017
Quiz Scoreboard
CHALLENGE
Sign Up to Join the Scoreboard
Show All
Scores
Hide
Comments
May contain spoilers
Recently Published
Two Season TV Shows II
by 123Four
Television
10m
Image Sorting: Flags VI
by Barbecue
Geography
2m
Find the 'City' Movie
by crazypaving
Movies
60s
More to Explore
Quiz From the Vault
Featured Blog Post
14 Easter Pick-up Lines to Find Eggs With
hide this ad
You Might Also Like...
Tags
Artist Quiz
Billboard Quiz
Song Quiz
100
1940s
hot
Stayed
Week
Today's Top Quizzes in Music
Browse Music
hide this ad
Today's Top Quizzes in Artist
Browse Artist
Top Contributed Quizzes in Music
1
5X2 Blitz: Bands II
2
5X2 Blitz: The Beatles
3
Taylor Swift All Songs (2024)
4
5X2 Blitz: Billboard
5
5X2 Blitz: Billboard II
6
Music Artist by Three 2010s hits
7
5X2 Blitz: Album
8
5X2 Blitz: Rock
9
5X2 Blitz: Singers
10
5X2 Blitz: Lyrics
Explore More
Trending Topics
NBA
Kpop
Marvel
Harry Potter
Disney
Anime
Crossword
Country
NFL
Pokémon
Puzzle
Soccer
The Office
Song
WWE
hide this ad
More By:
thehotstepper
Quiz
Plays
Rating
Category
Featured
Created
Stuttering #1 Hits
65,594
3.27
Music
Nov 15, 2009
'Walking in Memphis' Lyrics
2,677
5.00
Music
Dec 14, 2011
#1 Hit Trivia
1,650
4.44
Music
Dec 13, 2010
The Beach Boys (Members)
716
4.67
Music
Mar 27, 2010
NASCAR Nationwide Series Champions (1984-2012
619
3.50
Sports
Sep 27, 2009
Go to Creator's Profile
Score Distribution
Quiz Creator Spotlight
thehotstepper
Follow
Send a Message
Quizzes Created
-
Created Quiz Play Count
-
More By This Creator
Popular Quizzes Today
1
Find the US States - No Outlines Minefield
2
Colored Red Africa Blitz
3
Find the 'City' Movie
4
5x2 Blitz: Bands
5
The Countries of the World
6
Find the Countries of Europe - No Outlines Minefield
7
Find the US States
8
US States
More Music Quizzes
Ringo Starr's All-Starr Band by Other Songs
Curator's Pick
Trending Quizzes
Colored Red Europe Blitz I
Colored Red Africa Blitz II
Colored Red Europe Blitz II
Colored Red Africa Blitz III
Even More Two Season TV Shows
Recently Updated
March Madness Men's Triple Doubles
pecheneg
How Do You Spell That?
pecheneg
Godzilla Movies
pecheneg
Grab Bag: 4-10 Letters
pecheneg
2024 March Madness Bracket
pecheneg
Famous TV Couples
Peacemaker
Champions League XIs: Real Madrid
pecheneg
Largest US Cities 1790-2010
pecheneg
Rides in Walt Disney World
pecheneg
Most Oscar Losses (Acting)
pecheneg
Trending Topics
Marvel
Anime
Harry Potter
NBA
Kpop
Crossword
Disney
Song
The Office
NFL
Pokémon
Country
WWE
Soccer
Puzzle
Your Account Isn't Verified!
In order to create a playlist on Sporcle, you need to verify the email address you used during registration. Go to your
Sporcle Settings
to finish the process.
Report this User
Report this user for behavior that violates our
Community Guidelines
.
Details:
Send Report
Go to the Sporcle.com Mobile Site →
Comments